000 00647nam a22002177a 4500
003 OSt
005 20260521144234.0
008 260521b |||||||| |||| 00| 0 eng d
020 _a0-415-10338-x
040 _cChuka University Library
050 _aP 94.6 .T39 1994
100 _aTaylor C.Mike
_926363
245 _aImagologies
_bMidea Philosophy
260 _a11New Fetter London
_bRoutledge
_c1994
300 _anop
_bVarious illustrations
650 _aMass Media ....Social aspects
_926364
650 _aMass Media......Philosophy
_926365
650 _aVisual communication
_926366
700 _aSaarinen Esa
_926367
942 _2lcc
_cBK
_n0
999 _c22859
_d22859